Strzelcy bramek w 22 kolejce Bundesligi w sezonie 2020/21. - Statystyki

Ogólne statystyki
  • Ten quiz został rozwiązany 7 razy
  • Średni wynik to 12 z 20
Statystyki odpowiedzi
Mecz Piłkarz % Poprawnych
Frankfurt - Bayern 2:1 Lewandowski
100%
Schalke - Dortmund 0:3 Guerreiro
86%
Schalke - Dortmund 0:2 Haaland
86%
Schalke - Dortmund 0:4 Haaland
86%
Schalke - Dortmund 0:1 Sancho
86%
Frankfurt - Bayern 2:0 Younes
86%
Hertha - RB Lipsk 0:2 Mukiele
71%
Hertha - RB Lipsk 0:1 Sabitzer
71%
Bielefeld - Wolfsburg 0:1 Steffen
71%
Bielefeld - Wolfsburg 0:2 Steffen
71%
Frankfurt - Bayern 1:0 Kamada
57%
Monchengladbach - Mainz 1:1 Stindl
57%
Koln - Stuttgart 0:1 Kalajdzic
43%
Augsburg - Leverkusen 1:0 Niederlechner
43%
Augsburg - Leverkusen 1:1 Tapsoba
43%
Bielefeld - Wolfsburg 0:3 Arnold
29%
Monchengladbach - Mainz 0:1 Onisiwo
29%
Hertha - RB Lipsk 0:3 Orban
29%
Freiburg - Union Berlin 0:1 Promel
29%
Monchengladbach - Mainz 1:2 Stoger
29%
Nie znaleziono quizów pasujących do podanych kryteriów
Rozkład punktacji
Procent ludzi z każdym wynikiem
Percentyl według liczby udzielonych odpowiedzi
Twoja historia wyników
Nie rozwiązałeś tego quizu